| 000 | 00691cam a22002053a 4500 | ||
|---|---|---|---|
| 001 | 44868 | ||
| 003 | PGUSA | ||
| 005 | 20140828084026.0 | ||
| 008 | 140210s2014||||xxu|||||s|||||000 | eng d | ||
| 040 |
_aPGUSA _beng |
||
| 042 | _adc | ||
| 100 | 1 |
_aKrauss, Friedrich S., _d1859-1938 |
|
| 245 | 1 | 0 |
_aSlavische Volkforschungen : _bAbhandlungen über Glauben, Gewohnheitrechte, Sitten, Bräuche und die Guslarenlieder der Südslaven _h[electronic resource] / _cFriedrich S. Krauss |
| 260 |
_bProject Gutenberg, _c2014 |
||
| 506 | _aPublic domain in the USA. | ||
| 516 | _aElectronic text | ||
| 830 | 0 |
_aProject Gutenberg _v44868 |
|
| 856 | 4 | 0 | _uhttp://www.gutenberg.org/ebooks/44868 |
| 942 | _cEB | ||
| 999 |
_c274119 _d274119 |
||